[Event "Nord West Cup 05th"]
[Site "Bad Zwischenahn"]
[Date "2003.??.??"]
[Round "6"]
[White "Cioara, Andrei Nestor"]
[Black "Thom, Ruediger"]
[Result "1-0"]
[WhiteElo "2396"]
[BlackElo "1969"]
[PlyCount "95"]
[EventDate "2003.02.??"]
[EventType "swiss"]
[EventRounds "7"]
[EventCountry "GER"]
[SourceTitle "EXT 2004"]
[Source "ChessBase"]
[SourceDate "2003.11.25"]
[SourceVersion "1"]
[SourceVersionDate "2003.11.25"]
[SourceQuality "1"]

1. e4 Nc6 2. Nf3 d6 3. d4 Nf6 4. Nc3 Bg4 5. d5 Nb8 6. Be2 c6 7. 0-0 Nbd7 8. h3 Bxf3 9. Bxf3 g6 10. Bg5 Bg7 11. Qd2 0-0 12. Rad1 Qb6 13. b3 Rac8 14. dxc6 Ne5 15. Be2 Qxc6 16. Nd5 Rfe8 17. Bxf6 Bxf6 18. Nxf6+ exf6 19. f4 Qb6+ 20. Kh2 Nc6 21. Bf3 Nb4 22. c3 Na6 23. c4 Nb4 24. Qxd6 Rc6 25. Qd4 Nxa2 26. e5 fxe5 27. fxe5 Qxd4 28. Rxd4 Rc7 29. Ra1 Nb4 30. Rxa7 Rxe5 31. Rxb7 Rxb7 32. Bxb7 Re3 33. c5 Rxb3 34. c6 Nxc6 35. Bxc6 Rc3 36. Bd5 Kg7 37. Rb4 Rc7 38. Rb7 Rxb7 39. Bxb7 f5 40. Kg3 Kf6 41. h4 Ke5 42. Kf3 h6 43. Bc8 g5 44. hxg5 hxg5 45. Ke3 Kf6 46. Kd4 Kg6 47. Ke5 f4 48. Bg4 1-0

[Event "Nord West Cup 05th"]
[Site "Bad Zwischenahn"]
[Date "2003.??.??"]
[Round "5"]
[White "Thom, Ruediger"]
[Black "Vasiljevic, Dragan"]
[Result "1-0"]
[WhiteElo "1969"]
[BlackElo "2361"]
[PlyCount "111"]
[EventDate "2003.02.??"]
[EventType "swiss"]
[EventRounds "7"]
[EventCountry "GER"]
[SourceTitle "EXT 2004"]
[Source "ChessBase"]
[SourceDate "2003.11.25"]
[SourceVersion "1"]
[SourceVersionDate "2003.11.25"]
[SourceQuality "1"]

1. d4 Nf6 2. Bg5 e6 3. Nd2 c5 4. e3 cxd4 5. exd4 Be7 6. Ngf3 b6 7. Bd3 Bb7 8. 0-0 d6 9. Re1 0-0 10. c3 Nbd7 11. Qa4 a6 12. Rad1 Re8 13. h3 Nd5 14. Bxe7 Qxe7 15. Qa3 N5f6 16. Re3 b5 17. Re2 Nb6 18. Ne4 Nxe4 19. Bxe4 Bxe4 20. Rxe4 Qc7 21. Qb3 h6 22. Rde1 Qc6 23. Qd1 Nc4 24. Qc1 Qd7 25. b3 Nb6 26. Rg4 f5 27. Rg3 Kh7 28. Nh4 g5 29. Nf3 Rg8 30. Qe3 Rae8 31. Qe2 Nd5 32. Nd2 Nf4 33. Qf1 Rg7 34. c4 b4 35. Rge3 g4 36. hxg4 Rxg4 37. Rg3 Qg7 38. Rxg4 Qxg4 39. Re3 Rg8 40. g3 Nh3+ 41. Kh2 f4 42. Rf3 fxg3+ 43. Rxg3 Qxd4 44. Qb1+ Kh8 45. Rxg8+ Kxg8 46. Qg6+ Kf8 47. Qxh6+ Ke7 48. Kxh3 Qb2 49. Ne4 Qxa2 50. Qf6+ Kd7 51. Qf7+ Kc6 52. Qe8+ Kb6 53. Qd8+ Ka7 54. Qc7+ Ka8 55. Nxd6 Qxb3+ 56. Kg2 1-0